000
00361nam a22001337a 4500
003
SGT
020
_a
9789395217088
082
_a
891.4309
_b
T22S
100
_a
सुमनाक्षर, प्रदीप कुमार
245
_a
तेरी याद में
260
_b
जोबरा बुक्स
_c
2022
300
_a
81
942
_2
ddc
_c
BK
999
_c
31376
_d
31376